MARC details
| 000 -CABECERA |
| campo de control de longitud fija |
01173nam a2200205 a 4500 |
| 001 - NÚMERO DE CONTROL |
| campo de control |
000037828 |
| 005 - FECHA Y HORA DE LA ÚLTIMA TRANSACCIÓN |
| campo de control |
20201002031125.0 |
| 008 - DATOS DE LONGITUD FIJA--INFORMACIÓN GENERAL |
| campo de control de longitud fija |
110413s2010 dr a 000 0cspa d |
| 040 ## - FUENTE DE LA CATALOGACIÓN |
| Centro catalogador/agencia de origen |
DO-SdBNP |
| Lengua de catalogación |
spa |
| Centro/agencia transcriptor |
BNPHU |
| 082 ## - NÚMERO DE LA CLASIFICACIÓN DECIMAL DEWEY |
| Número de clasificación |
923.17293 |
| Número de documento/Ítem |
B715b, 2012 |
| 100 1# - ENTRADA PRINCIPAL--NOMBRE DE PERSONA |
| Nombre de persona |
Bonilla, Bonnie |
| 9 (RLIN) |
1501 |
| 245 10 - MENCIÓN DE TÍTULO |
| Título |
Biografías presidentes dominicanos 1844-2016 / |
| Mención de responsabilidad, etc. |
Bonnie Bonilla ; corrección David Bonilla. |
| 250 ## - MENCIÓN DE EDICIÓN |
| Mención de edición |
6a ed. |
| 260 ## - PUBLICACIÓN, DISTRIBUCIÓN, ETC. |
| Fecha de publicación, distribución, etc. |
Santo Domingo |
| Nombre del editor, distribuidor, etc. |
Delta ediciones, |
| Fecha de publicación, distribución, etc. |
2012. |
| 300 ## - DESCRIPCIÓN FÍSICA |
| Extensión |
70 p. : |
| Otras características físicas |
il. ; |
| Dimensiones |
21 cm. |
| 504 ## - NOTA DE BIBLIOGRAFÍA, ETC. |
| Nota de bibliografía, etc. |
Bibliografía : p. 68 |
| 505 0# - NOTA DE CONTENIDO CON FORMATO |
| Título |
Introducción-- |
| -- |
Primera Constitución -- |
| -- |
Cantidad de presidentes según su provincia -- |
| -- |
Los padres de la patria -- |
| -- |
Presidente Junta Central Gubernativa -- |
| -- |
Presidentes de Primera República -- |
| -- |
Presidentes restauradores (Anexión a España) -- |
| -- |
Presidentes Segunda República -- |
| -- |
Presidentes Intervención Estadounidense -- |
| -- |
Presidentes Tercera República -- |
| -- |
Presidentes Segunda Intervención Estadounidense -- |
| -- |
Presidentes Cuarta República -- |
| -- |
Biografía -- |
| -- |
Guía de trabajo |
| 650 #4 - PUNTO DE ACCESO ADICIONAL DE MATERIA--TÉRMINO DE MATERIA |
| Término de materia o nombre geográfico como elemento de entrada |
Presidentes |
| Subdivisión geográfica |
República Dominicana |
| Subdivisión general |
Biografías |
| 9 (RLIN) |
1790 |
| 650 #4 - PUNTO DE ACCESO ADICIONAL DE MATERIA--TÉRMINO DE MATERIA |
| Término de materia o nombre geográfico como elemento de entrada |
Presidentes |
| Subdivisión geográfica |
República Dominicana |
| Subdivisión general |
Historia |
| 9 (RLIN) |
6913 |